000 00585nam a2200229Ia 4500
003 OSt
005 20220924132247.0
006 a|||||r|||| 00| 0
007 ta
008 220923b |||||||| |||| 00| 0 hin d
024 _a39343
037 _cTextual
040 _aARTS
_cARTS
_bhin
041 _2hin
_ahin
082 _aO15,1x, H0
100 _aSharma Bhanu Prakash ed
_9204060
245 0 _aSanskrit sahitya lahari
260 _c1940
650 _aSANSKRIT LITERATURE
942 _hO15,1x, H0
_cTEXL
_2CC
999 _c429813
_d429813